| 000 | 00637nam a22001817a 4500 | ||
|---|---|---|---|
| 003 | AM-YeHGA | ||
| 040 | _aAM-YeHGA | ||
| 090 | _c445630 | ||
| 005 | 20250617155944.0 | ||
| 008 | 191206s ||||| |||| 00| 0 rus d | ||
| 041 | 0 | _arus | |
| 100 | 1 | _aНехорошев, Алексей Васильевич. | |
| 245 | 1 | 0 |
_aМестные строительные материалы / _cА. В. Нехорошев. |
| 260 |
_aЙошкар-Ола : _b Маркнигоиздат, _c1960. |
||
| 300 | _a104 с. | ||
| 653 | 0 | _aСтроительные материалы, местные - Марийская АССР | |
| 942 |
_2udc _cBK |
||
| 999 |
_c442824 _d442824 |
||